Verificación concursal de créditos /

Guardado en:
Autor Principal: Graziabile, Darío J.
Formato: Libro
Idioma:Spanish
Publicado: Buenos Aires : Erreius, 2015
Edición:1a. ed.
Materias:
Etiquetas: Agregar Etiqueta
Sin Etiquetas, Sea el primero en etiquetar este registro!
LEADER 01589nam a22004575a 4500
001 DER.der012850
008 180615s2015####ag#||||||||||||||#||spa||
005 20241031122221.0
245 1 0 |a Verificación concursal de créditos /  |c Darío J. Graziabile. 
250 |a 1a. ed. 
260 |a Buenos Aires :  |b Erreius,  |c 2015 
300 |a 760 p. 
020 |a 9789870118220 
100 1 |a Graziabile, Darío J. 
700 1 |a Arduino, Augsto H. L.,  |e col. 
700 1 |a Arruiz, Mario A.,  |e col. 
700 1 |a Baracat, Edgar J.,  |e col. 
700 1 |a Barreiro, Marcelo G.,  |e col. 
700 1 |a Casadío Martínez, Claudio A.,  |e col. 
700 1 |a Chiavassa, Eduardo N.,  |e col. 
700 1 |a Dasso, Ariel A.,  |e col. 
700 1 |a Di Lella, Nicolás J.,  |e col. 
700 1 |a Frick, Pablo D.,  |e col. 
700 1 |a Garaguso, Guillermo H. F.,  |e col. 
700 1 |a Garaguso, Horacio P.,  |e col. 
700 1 |a García Villalonga, Julio C.,  |e col. 
700 1 |a Gerbaudo, Germán E.,  |e col. 
700 1 |a Giménez, Sofía I.,  |e col. 
700 1 |a Granados, Ernesto I. J.,  |e col. 
700 1 |a Junyent Bas, Francisco,  |e col. 
700 1 |a Macagno, Ariel A. G.,  |e col. 
700 1 |a Ramos, Santiago,  |e col. 
700 1 |a Raspall, María L.,  |e col. 
700 1 |a Raspall, Miguel A.,  |e col. 
700 1 |a Reggiardo, Roberto S.,  |e col. 
700 1 |a Ribera, Carlos E.,  |e col. 
700 1 |a Richard, Efraín H.,  |e col. 
700 1 |a Rodríguez, Raquel E.,  |e col. 
650 7 |a DERECHO CONCURSAL 
859 |a DERECHO  |b BIB. DERECHO  |h 346.078  |i GRA  |p 007668 
859 |a DERECHO  |b BIB. DERECHO  |h 346.078  |i GRA  |p 009366  |t 1